Dzielnice Olsztyna - Statystyki

Ogólne statystyki
  • Ten quiz został rozwiązany 243 razy
  • Średni wynik to 12 z 23
Statystyki odpowiedzi
Hint Odpowiedź % Poprawnych
J Jaroty
87%
Z Zatorze
86%
D Dajtki
77%
N Nagórki
72%
Ś Śródmieście
72%
K Kortowo
66%
P Pieczewo
65%
G Gutkowo
61%
B Brzeziny
59%
O Osiedle Generałów
58%
L Likusy
57%
R Redykajny
51%
O Osiedle Mazurskie
47%
P Podgrodzie
45%
O Osiedle Kormoran
38%
P Podleśna
34%
P Pojezierze
34%
Z Zielona Górka
30%
O Osiedle Kętrzyńskiego
28%
O Osiedle Grunwaldzkie
26%
O Osiedle Nad Jeziorem Długim
26%
K Kościuszki
24%
O Osiedle Wojska Polskiego
24%
Nie znaleziono quizów pasujących do podanych kryteriów
Rozkład punktacji
Procent ludzi z każdym wynikiem
Percentyl według liczby udzielonych odpowiedzi
Twoja historia wyników
Nie rozwiązałeś tego quizu